000 00849nam a2200301 a 4500
001 000115969
003 CHAP
005 20220329144555.0
008 190823s1991 mx |r| |||||||spa d
010 _a112430
011 _a113402
040 _cCHAP
090 _aFolleto 8275
245 0 0 _aTemixco :
_bexhacienda y municipio.
260 _aQuadrivium,
_c1991.
300 _a47 p. :
_bil.
490 _aMonografías de Morelos
590 _aBATCH-UPD
_b05
_c20190823
_lUCH01
_h1026
590 _aE11695DGD
_b10
_c20190823
_lUCH01
_h1457
590 _aE5765TAJ
_b05
_c20190823
_lUCH01
_h1025
590 _aE5765TAJ
_b05
_c20190823
_lUCH01
_h1228
590 _aE5765TAJ
_b05
_c20190823
_lUCH01
_h1228
651 4 _aTemixco, Morelos
_xHistoria.
_9136651
830 0 _aMonografías de Morelos
_9136650
901 _aBK
942 _cFOLL
942 _n0
999 _c112430
_d112430